LEADER 01869nam0 2200421 i 450 001 VAN0103456 005 20220221100632.396 017 70$2N$a978-3-319-06653-0 100 $a20151109d2014 |0itac50 ba 101 $aeng 102 $aCH 105 $a|||| ||||| 200 1 $aModern problems in insurance mathematics$fDmitrii Silvestrov, Anders Martin-Löf editors 210 $aCham$cSpringer$d2014 215 $aXVII, 385 p.$cill.$d24 cm 410 1$1001VAN0102538$12001 $aEAA series$1210 $aBerlin [etc.]$cSpringer 500 1$3VAN0240957$aModern problems in insurance mathematics$91410321 606 $a91B05$xRisk models (general) [MSC 2020]$3VANC019981$2MF 606 $a91Gxx$xActuarial science and mathematical finance [MSC 2020]$3VANC020093$2MF 606 $a91-XX$xGame theory, economics, finance, and other social and behavioral sciences [MSC 2020]$3VANC025601$2MF 610 $aInformation and communication, circuits$9KW:K 610 $aLife and Non-Life Insurance$9KW:K 610 $aModelling of Insurance Business$9KW:K 610 $aQuantitative Finance$9KW:K 610 $aReinsurance$9KW:K 610 $aRisk theory$9KW:K 620 $aCH$dCham$3VANL001889 702 1$aMartin-Löf$bAnders$3VANV080751 702 1$aSilvestrov$bDmitrii$3VANV080750 712 $aSpringer $3VANV108073$4650 801 $aIT$bSOL$c20240614$gRICA 856 4 $uhttp://dx.doi.org/10.1007/978-3-319-06653-0$zE-book ? Accesso al full-text attraverso riconoscimento IP di Ateneo, proxy e/o Shibboleth 899 $aBIBLIOTECA CENTRO DI SERVIZIO SBA$2VAN15 912 $fN 912 $aVAN0103456 950 $aBIBLIOTECA CENTRO DI SERVIZIO SBA$d15CONS SBA EBOOK 4611 $e15EB 4611 20191106 996 $aModern problems in insurance mathematics$91410321 997 $aUNICAMPANIA LEADER 01682nam0 2200397 i 450 001 VAN00053481 005 20260408015922.566 010 $a978-08-987130-9-1 100 $a20060927d1993 |0itac50 ba 101 $aeng 102 $aUS 105 $a|||| ||||| 181 $ai$b e 182 $an 183 $anc 200 1 $aWavelets$ealgorithms & applications$fYves Meyer$gtranslated and revised by Robert D. Ryan 210 $aPhiladelphia$cSociety for industrial and applied mathematics$d1993 215 $aXI, 133 p.$d25 cm 500 1$3VAN00304393$aˆLes ‰ondelettes: algorithmi et applications$94558456 606 $a65T60$xNumerical methods for wavelets [MSC 2020]$3VANC029258$2MF 606 $a65Txx$xNumerical methods in Fourier analysis [MSC 2020]$3VANC023238$2MF 620 $dPhiladelphia$3VANL000037 700 1$aMeyer$bYves$3VANV030314$041129 702 1$aRyan$bRobert D.$3VANV042191$4730 712 $aSIAM $3VANV108794$4650 790 1$aMeyer, Y.$zMeyer, Yves$3VANV262214 790 1$aRyan, Robert Dean$zRyan, Robert D.$3VANV262211 790 1$aRyan, R. D.$zRyan, Robert D.$3VANV262212 790 1$aRyan, R.D.$zRyan, Robert D.$3VANV262213 801 $aIT$bSOL$c20260410$gRICA 856 4 $u/sebina/repository/catalogazione/documenti/ID 53481.pdf$zID 53481.pdf 899 $aBIBLIOTECA DEL DIPARTIMENTO DI MATEMATICA E FISICA$1IT-CE0120$2VAN08 912 $aVAN00053481 950 $aBIBLIOTECA DEL DIPARTIMENTO DI MATEMATICA E FISICA$d08PREST 65-XX 2748 $e08 924 I 20060927 996 $aOndelettes: algorithmi et applications$94558456 997 $aUNICAMPANIA